English Premier League Transfers (Soccer / Football) - Statistics

General Stats
  • This quiz has been taken 802 times
  • The average score is 6 of 20
Answer Stats
Club From Club To Transfer fee Answer % Correct
Arsenal Manchester United £24 million Robin Van Persie
86%
Lille Chelsea £32 million Eden Hazard
69%
Arsenal Manchester City £22 million Samir Nasri
59%
Chelsea West Bromwich Albion loan Romelu Lukaku
55%
Genk Aston Villa £7 million Christian Benteke
50%
Malaga Arsenal £18 million Santi Cazorla
49%
Rayo Swansea £2.2 million Michu
47%
Manchester United Fulham £5 million Dimitar Berbatov
37%
Olympiacos Everton £5.3 million Kevin Mirallas
24%
Fulham Spurs £5 million Clint Dempsey
22%
Toulouse Newcastle United £1.8 million Moussa Sissoko
19%
Bologna Southampton £12 million Gaston Ramirez
18%
Levante Wigan €3.5 million Arouna Kone
16%
Swansea Sunerland £5 million Danny Graham
16%
Spurs QPR loan Andros Townsend
13%
Aston Villa West Ham United £2.5 million James Collins
10%
Sunderland Stoke £8 million Kenwyne Jones
8%
Inter Milan Liverpool £8.5 million Philippe Coutinho
8%
Fulham Reading Free transfer Pavel Pogrebnyak
5%
Sunderland Norwich £1.5 million Michael Turner
3%
No matching quizzes found
Score Distribution
Percent of People with Each Score
Percentile by Number Answered
Your Score History
You have not taken this quiz